000 00747 a2200205 4500
020 _a0596004044
040 _aLibrary of Congress
_bEnglish
082 0 4 _a005.4469
100 1 _aTulloch, Mitch.
245 1 0 _aWindows Server 2003 in a nutshell
_cMitch Tulloch.
250 _a1st ed.
260 _aSebastopol, CA :
_bO'Reilly,
_cc2003.
300 _axi, 647 p. ;
_c23 cm.
490 1 _aIn a nutshell
650 0 _aOperating systems (Computers)
830 0 _aIn a nutshell (O'Reilly & Associates)
856 4 2 _3Publisher description
_uhttp://www.loc.gov/catdir/enhancements/fy0715/2004555002-d.html
856 4 2 _3Contributor biographical information
_uhttp://www.loc.gov/catdir/enhancements/fy0912/2004555002-b.html
942 _cBK
_k005.4469
_2ddc
999 _c6267
_d6267